Electric machinery and transformers (Record no. 440)

000 -LEADER
fixed length control field 00469nam a2200193 4500
001 - CONTROL NUMBER
control field 440
003 - CONTROL NUMBER IDENTIFIER
control field BD-DhUET
008 - FIXED-LENGTH DATA ELEMENTS--GENERAL INFORMATION
fixed length control field 140721b xxu||||| |||| 00| 0 eng d
020 ## - INTERNATIONAL STANDARD BOOK NUMBER
International Standard Book Number 81203007755
040 ## - CATALOGING SOURCE
Transcribing agency 0
Modifying agency BD-DhUET
082 ## - DEWEY DECIMAL CLASSIFICATION NUMBER
Classification number 623.1042
Item number KOS/1991
100 ## - MAIN ENTRY--PERSONAL NAME
Personal name Kosow, Irving L.
245 ## - TITLE STATEMENT
Title Electric machinery and transformers
250 ## - EDITION STATEMENT
Edition statement 2nd ed.
260 ## - PUBLICATION, DISTRIBUTION, ETC. (IMPRINT)
Place of publication, distribution, etc. New Delhi
Name of publisher, distributor, etc. Prentice-Hall
Date of publication, distribution, etc. 1991
300 ## - PHYSICAL DESCRIPTION
Extent xiv,626p.
650 #0 - SUBJECT ADDED ENTRY--TOPICAL TERM
Topical term or geographic name as entry element Electric machinery
942 ## - ADDED ENTRY ELEMENTS (KOHA)
Koha item type General Book
Holdings
Lost status Source of classification or shelving scheme Shelving location Koha date last seen Location (home branch) Piece designation (barcode) Price effective from Damaged status Koha full call number Withdrawn status Koha issues (times borrowed) Sublocation or collection (holding branch) Koha normalized classification for sorting Date acquired Koha item type Koha date last borrowed Copy number Not for loan
  Circulation section2014-07-21Central Library, BUET1036802014-07-21 623.1042/KOS/1991  Central Library, BUET623_104200000000000_KOS_19912014-07-21General Book 1 
  Circulation section2016-12-07Central Library, BUET1036812014-07-21 623.1042/KOS/1991  Central Library, BUET623_104200000000000_KOS_19912014-07-21General Book 2 
  Circulation section2021-12-15Central Library, BUET1036822014-07-21 623.1042/KOS/1991 1Central Library, BUET623_104200000000000_KOS_19912014-07-21General Book2021-12-053 
  Circulation section2014-07-21Central Library, BUET1036832014-07-21 623.1042/KOS/1991  Central Library, BUET623_104200000000000_KOS_19912014-07-21General Book 4 
  Circulation section2014-07-21Central Library, BUET1036842014-07-21 623.1042/KOS/1991  Central Library, BUET623_000000000000000_1042KOS1992014-07-21General Book 5 
  Circulation section2014-07-21Central Library, BUET1036852014-07-21 623.1042/KOS/1991  Central Library, BUET623_104200000000000_KOS_19912014-07-21General Book 6 
  Circulation section2014-07-21Central Library, BUET1036862014-07-21 623.1042/KOS/1991  Central Library, BUET623_104200000000000_KOS_19912014-07-21General Book 7 
  Circulation section2016-11-29Central Library, BUET1036882014-07-21 623.1042/KOS/1991  Central Library, BUET623_000000000000000_1042KOS1992014-07-21General Book 8 
  Circulation section2017-03-11Central Library, BUET1036892014-07-21 623.1042/KOS/1991  Central Library, BUET623_104200000000000_KOS_19912014-07-21General Book 9